[Event "Gibraltar Amateurs B"]
[Site "Gibraltar"]
[Date "2019.01.29"]
[Round "4.17"]
[White "Greco, Joseph"]
[Black "Poggio, Freddie"]
[Result "1-0"]
[WhiteElo "1574"]
[BlackElo "1765"]
[PlyCount "59"]
[EventDate "2019.01.26"]
[EventType "swiss"]
[EventRounds "5"]
[EventCountry "GGB"]

1. e4 c5 2. Nc3 e5 3. Bc4 d6 4. h3 Nf6 5. d3 Be7 6. Nge2 O-O 7. O-O a6 8. a4
Nc6 9. f4 Be6 10. f5 Bxc4 11. dxc4 Nd4 12. Qd3 Qc7 13. g4 d5 14. Nxd5 Nxe2+ 15.
Qxe2 Nxd5 16. cxd5 c4 17. c3 f6 18. Kh1 Rab8 19. Be3 b5 20. axb5 axb5 21. Ra7
Rb7 22. Rfa1 Rfb8 23. Qd2 Bd6 24. Kg2 Bc5 25. Rxb7 Rxb7 26. Bxc5 Qxc5 27. Ra6
Rd7 28. Qf2 Rc7 29. Qxc5 Rxc5 30. Rc6 1-0

[Event "Gibraltar Amateurs B"]
[Site "Gibraltar"]
[Date "2019.01.29"]
[Round "4.18"]
[White "Andersen, Guttorm"]
[Black "Koreywo, Witold"]
[Result "1-0"]
[WhiteElo "1801"]
[BlackElo "1553"]
[PlyCount "93"]
[EventDate "2019.01.26"]
[EventType "swiss"]
[EventRounds "5"]
[EventCountry "GGB"]

1. f4 d5 2. Nf3 e6 3. g3 Nf6 4. Bg2 g6 5. O-O Bg7 6. d3 O-O 7. Nbd2 Ng4 8. Nb3
c6 9. h3 Qb6+ 10. d4 Nf6 11. Nfd2 Nbd7 12. e4 Nxe4 13. Nxe4 dxe4 14. Bxe4 c5
15. dxc5 Qb4 16. c6 bxc6 17. Qf3 Nb8 18. c3 Qb5 19. Be3 Bb7 20. Rf2 f5 21. Bc2
c5 22. Qe2 c4 23. Kh2 Bd5 24. Bc5 Rc8 25. Ba3 Nc6 26. Nc5 Nd8 27. Ba4 Qb6 28.
Nd7 Qa6 29. Bd1 Qb7 30. Ne5 Nc6 31. Nxc4 Qc7 32. Ne3 Be4 33. Bb3 Re8 34. Nc4
Bd5 35. Nd6 Red8 36. Bxd5 Rxd6 37. Bxd6 Qxd6 38. Qxe6+ Qxe6 39. Bxe6+ Kf8 40.
Bd5 Rc8 41. Re2 Ne7 42. Bb3 Nc6 43. Rae1 Bf6 44. Re6 Kg7 45. Rd6 Nd8 46. Re8 h6
47. Rd7+ 1-0

[Event "Gibraltar Amateurs B"]
[Site "Gibraltar"]
[Date "2019.01.29"]
[Round "4.20"]
[White "Kearsley, Raymond J"]
[Black "Oueld El Hachemi, Abdelhaq"]
[Result "0-1"]
[WhiteElo "1537"]
[BlackElo "1747"]
[PlyCount "56"]
[EventDate "2019.01.26"]
[EventType "swiss"]
[EventRounds "5"]
[EventCountry "GGB"]

1. e4 e5 2. Nf3 d6 3. d4 exd4 4. Qxd4 a6 5. Nc3 Nf6 6. Bg5 Be7 7. Be2 Nc6 8.
Qd2 Be6 9. O-O h6 10. Bf4 g5 11. Be3 Ne5 12. Nd4 Qd7 13. Nxe6 fxe6 14. h3 O-O-O
15. Qd4 c5 16. Qd2 g4 17. f4 gxf3 18. Bxf3 Rdg8 19. Be2 Rg6 20. Rf2 Rhg8 21.
Bf4 Nc6 22. Kh1 Nd4 23. e5 dxe5 24. Bxe5 Nf5 25. Qxd7+ Nxd7 26. Bh2 Bh4 27. Rf4
Rxg2 28. Bc4 Rxh2+ 0-1

[Event "Gibraltar Amateurs B"]
[Site "Gibraltar"]
[Date "2019.01.29"]
[Round "4.21"]
[White "Alonso Prieto, Victor"]
[Black "Escanciano Reyero, Daniel"]
[Result "1/2-1/2"]
[WhiteElo "1500"]
[BlackElo "1732"]
[PlyCount "66"]
[EventDate "2019.01.26"]
[EventType "swiss"]
[EventRounds "5"]
[EventCountry "GGB"]

1. c4 e5 2. Nc3 b6 3. d3 Bb7 4. e3 Nf6 5. Nf3 d6 6. g3 e4 7. dxe4 Nxe4 8. Nxe4
Bxe4 9. Bg2 Nd7 10. O-O Be7 11. Nd4 Bxg2 12. Kxg2 Qc8 13. b3 Bf6 14. Rb1 O-O
15. Kg1 Ne5 16. Nf3 Qf5 17. Nd2 Rad8 18. e4 Qg6 19. Bb2 Rfe8 20. Bxe5 Bxe5 21.
Re1 Bc3 22. Re3 Bxd2 23. Qxd2 Rxe4 24. Rxe4 Qxe4 25. Re1 Qc6 26. Qe3 Qd7 27.
Qf3 Re8 28. Rxe8+ Qxe8 29. Qb7 Qd8 30. Qxa7 g6 31. Qb7 Kg7 32. Qc6 h5 33. h4
Qe7 1/2-1/2

[Event "Gibraltar Amateurs B"]
[Site "Gibraltar"]
[Date "2019.01.29"]
[Round "4.22"]
[White "Mahi, Amit Doshi"]
[Black "Riedel, Michael"]
[Result "1-0"]
[WhiteElo "1469"]
[BlackElo "1587"]
[PlyCount "88"]
[EventDate "2019.01.26"]
[EventType "swiss"]
[EventRounds "5"]
[EventCountry "GGB"]

1. d4 d5 2. Bf4 e6 3. e3 Bd6 4. Bg3 f5 5. Nf3 Nf6 6. Be2 O-O 7. O-O Ne4 8. Bxd6
Qxd6 9. c4 Nd7 10. Nbd2 c6 11. Rc1 b6 12. Nxe4 fxe4 13. Ng5 Nf6 14. c5 bxc5 15.
Rxc5 h6 16. Nh3 e5 17. Qc2 Bd7 18. dxe5 Qxe5 19. Nf4 Qe8 20. Ba6 Rb8 21. Ne2
Rb6 22. Ra5 Qb8 23. b3 Ng4 24. Ng3 Rf7 25. Be2 Ne5 26. Qc3 Be6 27. Nxe4 Bg4 28.
Bxg4 Nxg4 29. Ng3 Qe8 30. Ra4 Qe6 31. h3 Nf6 32. Rb4 g5 33. Rxb6 axb6 34. Qd3
Nd7 35. Rc1 c5 36. Rd1 Nf6 37. Qg6+ Rg7 38. Qxh6 Kf7 39. Nh5 Rg6 40. Qh8 Nxh5
41. Qxh5 Qe4 42. Qh7+ Kf6 43. Qb7 Ke5 44. Qe7+ Kf5 1-0

[Event "Gibraltar Amateurs B"]
[Site "Gibraltar"]
[Date "2019.01.29"]
[Round "4.23"]
[White "Russell, Logan"]
[Black "Haddock, Paul"]
[Result "0-1"]
[WhiteElo "1185"]
[BlackElo "1580"]
[PlyCount "103"]
[EventDate "2019.01.26"]
[EventType "swiss"]
[EventRounds "5"]
[EventCountry "GGB"]

1. e4 c5 2. Nf3 d6 3. d4 cxd4 4. Nxd4 Nf6 5. Nc3 g6 6. Bb5+ Bd7 7. Bg5 Bg7 8.
O-O O-O 9. Bd3 Qb6 10. Nf3 Be6 11. Qd2 Re8 12. b3 Qa5 13. Nb5 Qxd2 14. Nxd2 Rc8
15. Rae1 Nc6 16. f4 a6 17. Nc3 Ng4 18. Nd5 Bd4+ 19. Kh1 Nf2+ 20. Rxf2 Bxf2 21.
Rf1 Bd4 22. c3 Bxc3 23. Nxc3 Nb4 24. Bc4 d5 25. Nxd5 Bxd5 26. Bxd5 Nxd5 27.
exd5 f6 28. Bh4 Rc2 29. Rd1 Rac8 30. h3 Rxa2 31. Ne4 Rcc2 32. Nf2 Rxf2 33. Bxf2
Rxf2 34. d6 exd6 35. Rxd6 Rxf4 36. Rb6 a5 37. Rxb7 Rb4 38. Rxb4 axb4 39. Kg1
Kf7 40. Kf2 Ke6 41. Ke3 Kd5 42. Kd3 h5 43. g3 h4 44. g4 f5 45. gxf5 gxf5 46.
Ke3 Ke5 47. Kf3 Kd4 48. Kf4 Kc3 49. Kxf5 Kxb3 50. Kg4 Kc4 51. Kxh4 b3 52. Kg5
0-1

[Event "Gibraltar Amateurs B"]
[Site "Gibraltar"]
[Date "2019.01.29"]
[Round "4.24"]
[White "Krause, Helmut"]
[Black "Thjomoe, Hans Richard"]
[Result "0-1"]
[WhiteElo "1668"]
[BlackElo "1836"]
[PlyCount "58"]
[EventDate "2019.01.26"]
[EventType "swiss"]
[EventRounds "5"]
[EventCountry "GGB"]

1. d4 Nf6 2. Nf3 g6 3. Nc3 Bg7 4. e4 d6 5. Be3 O-O 6. Be2 Re8 7. Qd2 Ng4 8. Bg5
h6 9. Bf4 e5 10. Bg3 exd4 11. Nxd4 Nc6 12. Nxc6 bxc6 13. f3 Nf6 14. O-O Be6 15.
Rad1 Qe7 16. Bd3 Rad8 17. Bf4 Qf8 18. Be3 d5 19. Qf2 Qb4 20. Rb1 d4 21. Bxh6
Bxh6 22. Qh4 Be3+ 23. Kh1 Kg7 24. e5 Nd7 25. Ne4 Rh8 26. Qg3 Rxh2+ 27. Qxh2 Rh8
28. Qxh8+ Kxh8 29. a3 Qf8 0-1

[Event "Gibraltar Amateurs B"]
[Site "Gibraltar"]
[Date "2019.01.29"]
[Round "4.25"]
[White "Moreno Guerrero, Idelfonso"]
[Black "Dennis, Nigel W"]
[Result "0-1"]
[WhiteElo "1651"]
[BlackElo "1805"]
[PlyCount "58"]
[EventDate "2019.01.26"]
[EventType "swiss"]
[EventRounds "5"]
[EventCountry "GGB"]

1. e4 c5 2. d3 Nc6 3. Nf3 d6 4. g3 g6 5. Bg2 Bg7 6. O-O Nf6 7. Re1 Qc7 8. Nbd2
O-O 9. Nf1 Rb8 10. c3 b5 11. Bg5 Bd7 12. Ne3 e6 13. Rc1 h6 14. Bxf6 Bxf6 15.
Ng4 Bg7 16. h4 Kh7 17. d4 b4 18. e5 Rfd8 19. Nf6+ Bxf6 20. exf6 bxc3 21. bxc3
cxd4 22. cxd4 Qa5 23. Ng5+ hxg5 24. Bxc6 Bxc6 25. Rxc6 gxh4 26. Qg4 Qxe1+ 27.
Kg2 Rb1 28. Qxh4+ Kg8 29. Qh6 Qe4+ 0-1

[Event "Gibraltar Amateurs B"]
[Site "Gibraltar"]
[Date "2019.01.29"]
[Round "4.26"]
[White "Bizcocho Mellado, Gregorio"]
[Black "Krause, Marianne"]
[Result "1-0"]
[WhiteElo "1771"]
[BlackElo "1637"]
[PlyCount "53"]
[EventDate "2019.01.26"]
[EventType "swiss"]
[EventRounds "5"]
[EventCountry "GGB"]

1. d4 Nf6 2. c4 e6 3. Nc3 Bb4 4. a3 Bxc3+ 5. bxc3 c5 6. Nf3 Qa5 7. Qd3 cxd4 8.
Nxd4 a6 9. g3 O-O 10. Bg2 d5 11. Nb3 Qa4 12. Nc5 Qc6 13. Be3 Re8 14. Rb1 Nbd7
15. Nxd7 Qxd7 16. c5 Ng4 17. Bc1 Ne5 18. Qd4 Nc4 19. O-O f5 20. g4 g6 21. gxf5
gxf5 22. Kh1 Qg7 23. Rg1 Qxd4 24. cxd4 Kf7 25. Bf3 Rh8 26. Bh5+ Ke7 27. Rg7+
1-0

[Event "Gibraltar Amateurs B"]
[Site "Gibraltar"]
[Date "2019.01.29"]
[Round "4.27"]
[White "Matto, Manuel"]
[Black "Oliva Parra, Ernesto"]
[Result "0-1"]
[WhiteElo "1769"]
[BlackElo "1535"]
[PlyCount "124"]
[EventDate "2019.01.26"]
[EventType "swiss"]
[EventRounds "5"]
[EventCountry "GGB"]

1. c4 e5 2. Nc3 Bc5 3. e3 Nc6 4. g3 Nf6 5. Bg2 Ne7 6. d4 exd4 7. exd4 Bb4 8.
Bd2 c6 9. Nf3 h6 10. O-O O-O 11. Ne5 d6 12. Nd3 Ba5 13. b4 Bc7 14. b5 Bd7 15.
a4 a5 16. Qc1 Kh7 17. Nf4 Bf5 18. Re1 d5 19. c5 cxb5 20. axb5 Bxf4 21. Bxf4 Qd7
22. Bd6 Be6 23. b6 Rfe8 24. Qb2 Red8 25. Nb5 Nc6 26. Nc7 Rac8 27. Re2 Bh3 28.
Rae1 Bxg2 29. Kxg2 Qg4 30. Qc2+ Kh8 31. f3 Qd7 32. Qd2 Qf5 33. Bf4 Kh7 34. Be3
Qd7 35. Qd3+ Kh8 36. Qd2 Kh7 37. h4 Rf8 38. Qd3+ Kh8 39. Kh2 Nb4 40. Qd2 Kh7
41. Bf4 Nc6 42. Rg2 Ng8 43. g4 Qd8 44. g5 h5 45. Reg1 g6 46. Bd6 Nge7 47. Re2
Rg8 48. Qf4 Nf5 49. Rd1 Qd7 50. Be5 Nce7 51. Bf6 Nc6 52. Rde1 Rgf8 53. Be5 Nb4
54. Bd6 Nd3 55. Qd2 Nxe1 56. Rxe1 Nxd6 57. Nxd5 Nc4 58. Nf6+ Kh8 59. Qc3 Qa4
60. d5 Qb4 61. Qd4 Nd2 62. Qa1 Nxf3+ 0-1

[Event "Gibraltar Amateurs B"]
[Site "Gibraltar"]
[Date "2019.01.29"]
[Round "4.28"]
[White "Kumar, Deepak"]
[Black "D`haluin, Wim"]
[Result "0-1"]
[WhiteElo "1590"]
[BlackElo "1702"]
[PlyCount "92"]
[EventDate "2019.01.26"]
[EventType "swiss"]
[EventRounds "5"]
[EventCountry "GGB"]

1. e4 c5 2. c4 Nc6 3. Nc3 g6 4. f4 d6 5. d3 Bg7 6. Be3 Nf6 7. Be2 O-O 8. Nf3
Ng4 9. Bg1 a6 10. h3 Nf6 11. Be3 Bd7 12. O-O Qc8 13. Rf2 Na5 14. e5 Nh5 15. Nd5
Qd8 16. Kh2 e6 17. Nc3 dxe5 18. fxe5 Qc7 19. Ne4 Bxe5+ 20. Nxe5 Qxe5+ 21. g3 f5
22. Bxh5 fxe4 23. Rxf8+ Rxf8 24. Be2 exd3 25. Qxd3 Bc6 26. Rf1 Rxf1 27. Bxf1
Qxb2+ 28. Kg1 Qf6 29. Qd2 b6 30. Qd6 Qf3 31. Qxe6+ Kg7 32. Qe7+ Kg8 33. Qe6+
Kg7 34. Qe7+ Kg8 35. Qe6+ Kg7 36. Qe7+ Kg8 37. Qd8+ Kg7 38. Qc7+ Kg8 39. Bh6
Qc3 40. Qb8+ Kf7 41. Qf4+ Ke8 42. Qb8+ Kd7 43. h4 Qd4+ 44. Kh2 Qf2+ 45. Kh3
Qxf1+ 46. Kg4 Qf5# 0-1

[Event "Gibraltar Amateurs B"]
[Site "Gibraltar"]
[Date "2019.01.29"]
[Round "4.29"]
[White "Dhanwani, Aditya"]
[Black "Butusina, Samuel"]
[Result "0-1"]
[WhiteElo "1497"]
[BlackElo "1688"]
[PlyCount "82"]
[EventDate "2019.01.26"]
[EventType "swiss"]
[EventRounds "5"]
[EventCountry "GGB"]

1. d4 Nf6 2. Nf3 d6 3. Bf4 g6 4. e3 Bg7 5. h3 Nbd7 6. Nbd2 a6 7. c3 b5 8. Bd3
Bb7 9. O-O O-O 10. Re1 Nh5 11. Bh2 e5 12. e4 Nf4 13. Bxf4 exf4 14. Rb1 c5 15.
d5 Ne5 16. Nxe5 dxe5 17. c4 b4 18. Qe2 a5 19. b3 Qd6 20. Nf3 Bc8 21. Qf1 f5 22.
Rbd1 Bd7 23. Ra1 fxe4 24. Bxe4 Bf5 25. Qd3 Ra7 26. Ng5 h6 27. Bxf5 gxf5 28. Ne6
e4 29. Qc2 Bxa1 30. Nxf8 Bc3 31. Ne6 Bxe1 32. Qe2 Bc3 33. Qh5 Bg7 34. Qxf5 Qe5
35. Qg6 Qa1+ 36. Kh2 f3 37. Nf4 Qe5 38. g3 e3 39. Qc2 e2 40. Nd3 e1=Q 41. Nxe1
Qxe1 0-1

[Event "Gibraltar Amateurs B"]
[Site "Gibraltar"]
[Date "2019.01.29"]
[Round "4.30"]
[White "Mahbubani, Arun"]
[Black "Hudson, Jeremy"]
[Result "0-1"]
[WhiteElo "1261"]
[BlackElo "1603"]
[PlyCount "38"]
[EventDate "2019.01.26"]
[EventType "swiss"]
[EventRounds "5"]
[EventCountry "GGB"]

1. e4 e6 2. Nf3 d5 3. exd5 exd5 4. d4 Bd6 5. Nc3 c6 6. b3 Nf6 7. h3 O-O 8. Bg5
Bb4 9. Qd3 Bf5 10. Qd2 Qa5 11. Kd1 Bxc3 12. Qc1 Ne4 13. Bd2 Bxd2 14. Nxd2 Nc3+
15. Ke1 Re8+ 16. Be2 Nxe2 17. Qb2 Ng3+ 18. Kd1 Nxh1 19. b4 Nxf2+ 0-1

[Event "Gibraltar Amateurs B"]
[Site "Gibraltar"]
[Date "2019.01.29"]
[Round "4.31"]
[White "Jimenez Urquijo, Juan Manuel"]
[Black "Gonzalez Pabollet, Jesus Maria S"]
[Result "0-1"]
[WhiteElo "1570"]
[BlackElo "1875"]
[PlyCount "80"]
[EventDate "2019.01.26"]
[EventType "swiss"]
[EventRounds "5"]
[EventCountry "GGB"]

1. e4 d5 2. exd5 Nf6 3. d4 Nxd5 4. c4 Nb6 5. Nc3 Bf5 6. Nf3 e6 7. Bd3 Bxd3 8.
Qxd3 Nc6 9. a3 Na5 10. c5 Nd7 11. b4 Nc6 12. Bf4 Be7 13. d5 exd5 14. Nxd5 Rc8
15. Rd1 Nf6 16. Qf5 Nd7 17. O-O g6 18. Qe4 O-O 19. Nxe7+ Nxe7 20. Bh6 Re8 21.
Qd4 Nf5 22. Qf4 Nxh6 23. Qxh6 Qe7 24. Rfe1 Qf8 25. Rxe8 Qxe8 26. Qf4 Nf8 27.
Re1 Ne6 28. Qe5 Qd7 29. g3 Re8 30. Qf6 Qd8 31. Qc3 Ng7 32. Rxe8+ Qxe8 33. Nd4
Qe5 34. Nb5 Qxc3 35. Nxc3 Ne6 36. Kg2 f5 37. h4 Kf7 38. Kf3 Nd4+ 39. Ke3 Nc2+
40. Kd3 Nxa3 0-1

[Event "Gibraltar Amateurs B"]
[Site "Gibraltar"]
[Date "2019.01.29"]
[Round "4.32"]
[White "Elsner, Boris"]
[Black "Fong, Mi Yen"]
[Result "0-1"]
[WhiteElo "1491"]
[BlackElo "1687"]
[PlyCount "64"]
[EventDate "2019.01.26"]
[EventType "swiss"]
[EventRounds "5"]
[EventCountry "GGB"]

1. d4 Nf6 2. Bf4 d5 3. c3 g6 4. Nf3 Bg7 5. h3 c5 6. e3 Nc6 7. Nbd2 c4 8. b3 b5
9. a4 b4 10. cxb4 c3 11. Nb1 Ne4 12. Bb5 Bd7 13. Bxc6 Bxc6 14. Qd3 Bd7 15. Nxc3
Bf5 16. g4 Nxf2 17. Qb5+ Bd7 18. Qxd7+ Qxd7 19. Kxf2 a6 20. Rac1 O-O 21. Rc2 f6
22. Kg2 Rac8 23. Rcc1 Rfe8 24. Rhe1 e5 25. dxe5 fxe5 26. Bg3 d4 27. Ne4 Rxc1
28. Rxc1 dxe3 29. Bxe5 Rxe5 30. Nxe5 Bxe5 31. Kf3 Qd3 32. Nc5 Qd2 0-1

[Event "Gibraltar Amateurs B"]
[Site "Gibraltar"]
[Date "2019.01.29"]
[Round "4.33"]
[White "Harbinson, Alec Ryan"]
[Black "Izzard, Brian J"]
[Result "1/2-1/2"]
[WhiteElo "1054"]
[BlackElo "1670"]
[PlyCount "78"]
[EventDate "2019.01.26"]
[EventType "swiss"]
[EventRounds "5"]
[EventCountry "GGB"]

1. e4 d5 2. exd5 Nf6 3. Nf3 Nxd5 4. d4 Nc6 5. Bc4 e6 6. Bxd5 exd5 7. Nc3 Be7 8.
Be3 O-O 9. Qd2 Bf5 10. a3 Re8 11. O-O-O a6 12. h3 b5 13. g4 Bc8 14. Ne2 b4 15.
a4 Rb8 16. b3 a5 17. Rdg1 Rb6 18. h4 Be6 19. g5 Qd7 20. Nh2 Bd6 21. h5 Bf5 22.
Ng3 Ne7 23. Nxf5 Nxf5 24. Nf1 Nxe3 25. fxe3 Bf8 26. Qd3 Qe7 27. g6 Qe4 28.
gxh7+ Kxh7 29. Qxe4+ Rxe4 30. Rg5 c6 31. Kd2 Be7 32. Rf5 Kg8 33. Rg1 Rh4 34.
Ng3 Rh2+ 35. Kd3 Rb7 36. Re5 Kf8 37. Rh1 Rxh1 38. Nxh1 Bd6 39. Rf5 Ke7 1/2-1/2

[Event "Gibraltar Amateurs B"]
[Site "Gibraltar"]
[Date "2019.01.29"]
[Round "4.34"]
[White "Murray, J Stephen"]
[Black "Ralivololona, Hanitriniaina Andri"]
[Result "1-0"]
[WhiteElo "1770"]
[BlackElo "1399"]
[PlyCount "63"]
[EventDate "2019.01.26"]
[EventType "swiss"]
[EventRounds "5"]
[EventCountry "GGB"]

1. e4 e5 2. Nf3 Nc6 3. Bc4 Nf6 4. d3 Be7 5. c3 O-O 6. O-O d5 7. exd5 Nxd5 8.
Re1 Bf6 9. Nbd2 Bf5 10. Ne4 Bxe4 11. dxe4 Nf4 12. Qc2 Na5 13. Bf1 a6 14. Be3 b5
15. Rad1 Qe7 16. b4 Nc4 17. Bxc4 bxc4 18. Bc5 Qe6 19. Bxf8 Kxf8 20. Rd2 g6 21.
Red1 Qg4 22. Ne1 h5 23. f3 Qg5 24. Rd7 Nd3 25. Nxd3 Qe3+ 26. Kf1 cxd3 27. R1xd3
Qf4 28. g3 Qg5 29. Qd2 Ke8 30. Qxg5 Bxg5 31. Rxc7 Rd8 32. Ke2 1-0

[Event "Gibraltar Amateurs B"]
[Site "Gibraltar"]
[Date "2019.01.29"]
[Round "4.36"]
[White "Savage, Neil"]
[Black "Dhanwani, Aryan"]
[Result "1-0"]
[WhiteElo "1585"]
[BlackElo "1323"]
[PlyCount "97"]
[EventDate "2019.01.26"]
[EventType "swiss"]
[EventRounds "5"]
[EventCountry "GGB"]

1. e4 e5 2. Nf3 Nc6 3. Bb5 Bd6 4. O-O a6 5. Ba4 Nf6 6. Re1 O-O 7. d4 b5 8. Bb3
Re8 9. Bg5 exd4 10. Bd5 Be7 11. Bxf6 Bxf6 12. Bxc6 dxc6 13. e5 Be7 14. Nxd4 Bd7
15. Qf3 c5 16. Nc6 Bxc6 17. Qxc6 Bd6 18. f4 Re6 19. Qf3 c4 20. Kf1 Bf8 21. Nc3
Bb4 22. Rad1 Qf8 23. Rd7 Bxc3 24. Qxc3 Re7 25. Red1 Rxd7 26. Rxd7 Rd8 27. Rxc7
Rd1+ 28. Ke2 Qd8 29. Ra7 Rh1 30. Kf2 Qb6+ 31. Qe3 Qxe3+ 32. Kxe3 Kf8 33. Rxa6
Rxh2 34. Kf3 Rh1 35. Rb6 Ra1 36. a3 c3 37. Rxb5 cxb2 38. Rxb2 Rxa3+ 39. Rb3 Ra5
40. c4 g5 41. g4 gxf4 42. Kxf4 Rc5 43. Rc3 Ke7 44. Ke4 f6 45. Kd4 Rc7 46. c5
fxe5+ 47. Kxe5 Rc6 48. Kd5 Rg6 49. Rc4 1-0

[Event "Gibraltar Amateurs B"]
[Site "Gibraltar"]
[Date "2019.01.29"]
[Round "4.38"]
[White "Verhoeven, Rudiger"]
[Black "Apps, Ian"]
[Result "0-1"]
[WhiteElo "1552"]
[BlackElo "1312"]
[PlyCount "88"]
[EventDate "2019.01.26"]
[EventType "swiss"]
[EventRounds "5"]
[EventCountry "GGB"]

1. d4 Nf6 2. Nf3 g6 3. Nbd2 Bg7 4. e3 O-O 5. c4 d6 6. h3 c6 7. a4 Nbd7 8. Qc2
e5 9. dxe5 dxe5 10. Be2 a5 11. O-O Nc5 12. Rd1 Bf5 13. Qc3 Qc7 14. b4 Nce4 15.
Qb3 Nxd2 16. Nxd2 e4 17. Bb2 b6 18. Rac1 c5 19. bxc5 bxc5 20. Bc3 Rfb8 21. Qc2
Rb6 22. Rb1 Rab8 23. Rb5 Bd7 24. Rxb6 Qxb6 25. Rb1 Qc7 26. Rxb8+ Qxb8 27. Bxa5
Ne8 28. Nxe4 Bf5 29. Bd3 Qa7 30. Bc3 Bxc3 31. Nxc3 Nd6 32. Nb5 Nxb5 33. axb5
Bc8 34. Qc3 Qe7 35. Bf1 Qd6 36. Qd3 Qb6 37. g3 Bf5 38. e4 Be6 39. e5 Qa5 40.
Kg2 Qa8+ 41. Qf3 Bxh3+ 42. Kxh3 Qxf3 43. Bg2 Qf5+ 44. g4 Qd3+ 0-1

[Event "Gibraltar Amateurs B"]
[Site "Gibraltar"]
[Date "2019.01.30"]
[Round "5.2"]
[White "Bosschem, Eddy"]
[Black "Marcos Herrero, Francisco"]
[Result "1-0"]
[WhiteElo "1847"]
[BlackElo "1855"]
[PlyCount "143"]
[EventDate "2019.01.26"]
[EventType "swiss"]
[EventRounds "5"]
[EventCountry "GGB"]

1. d4 Nf6 2. Nf3 c5 3. e3 g6 4. c3 Bg7 5. Nbd2 cxd4 6. exd4 O-O 7. Bd3 d5 8.
O-O Nc6 9. h3 Be6 10. Re1 Qc8 11. Bf1 a6 12. Nb3 h5 13. Bf4 Ne4 14. Ng5 Bf5 15.
Nxe4 Bxe4 16. Nc5 Bf5 17. Nd3 b6 18. Qb3 Qd8 19. Ne5 Nxe5 20. Bxe5 Bxe5 21.
Rxe5 Be6 22. Rae1 Qd6 23. Bd3 Kg7 24. Qc2 Bd7 25. Qe2 e6 26. Qd2 b5 27. Qg5 Be8
28. Qg3 Rh8 29. Qf3 Ra7 30. g4 hxg4 31. Qxg4 Qe7 32. Rxd5 Rh4 33. Qg3 Qf6 34.
Rde5 Bc6 35. Be4 Rc7 36. Bxc6 Rxc6 37. a3 Rf4 38. R1e3 Rc8 39. Rh5 Rxf2 40.
Qxf2 Qxf2+ 41. Kxf2 gxh5 42. Re5 Kg6 43. Kf3 Rc6 44. h4 f6 45. Rc5 Rd6 46. Rc8
Rd5 47. Rc6 Rf5+ 48. Ke3 e5 49. Rxa6 exd4+ 50. cxd4 Rf1 51. Rb6 Re1+ 52. Kd3
Rd1+ 53. Ke4 Re1+ 54. Kd5 Rh1 55. Rxb5 Rxh4 56. a4 Rh1 57. a5 h4 58. Ke4 Rf1
59. Rb3 Kg5 60. Ke3 h3 61. Ke2 Ra1 62. Rxh3 Rxa5 63. Rd3 f5 64. Kf3 Rb5 65. b3
f4 66. d5 Rb7 67. d6 Rd7 68. Rd5+ Kf6 69. Kxf4 Ke6 70. Ke4 Rb7 71. d7 Rb4+ 72.
Rd4 1-0

[Event "Gibraltar Amateurs B"]
[Site "Gibraltar"]
[Date "2019.01.30"]
[Round "5.3"]
[White "Sahil, Dhawan"]
[Black "Bauer, Dieter"]
[Result "1-0"]
[WhiteElo "1843"]
[BlackElo "1714"]
[PlyCount "38"]
[EventDate "2019.01.26"]
[EventType "swiss"]
[EventRounds "5"]
[EventCountry "GGB"]

1. c4 e5 2. Nc3 d6 3. g3 g6 4. Bg2 Bg7 5. d3 c5 6. Nf3 Ne7 7. a3 Nbc6 8. Rb1 a5
9. O-O O-O 10. Ne1 f5 11. Nc2 Be6 12. Ne3 f4 13. Ned5 g5 14. b4 axb4 15. axb4
cxb4 16. Nxb4 Qd7 17. Nbd5 Bxd5 18. Nxd5 Nxd5 19. Bxd5+ Kh8 1-0

[Event "Gibraltar Amateurs B"]
[Site "Gibraltar"]
[Date "2019.01.30"]
[Round "5.4"]
[White "Pink, Joshua"]
[Black "Cernuda Orejas, Victor Manuel"]
[Result "1-0"]
[WhiteElo "1890"]
[BlackElo "1893"]
[PlyCount "127"]
[EventDate "2019.01.26"]
[EventType "swiss"]
[EventRounds "5"]
[EventCountry "GGB"]

1. e4 c6 2. d4 d5 3. e5 g6 4. Nf3 Bg4 5. Be3 Nd7 6. h3 Bxf3 7. Qxf3 e6 8. c3 c5
9. Bd3 cxd4 10. cxd4 Ne7 11. O-O h5 12. Nc3 Nf5 13. Rac1 a6 14. Rfe1 Nb8 15.
Ne2 Nc6 16. Bxf5 gxf5 17. Nf4 Qb6 18. Nxh5 O-O-O 19. Nf4 Bh6 20. Nd3 Kb8 21.
Nc5 Ka8 22. Rc3 Bf8 23. Rb3 Qa5 24. Rc1 Bxc5 25. Rxc5 Qxa2 26. Qd1 Qa4 27. Qd3
Nb8 28. Bd2 Rc8 29. Ra3 Qd1+ 30. Kh2 Rxc5 31. dxc5 Rc8 32. b4 d4 33. Qxd4 Qe2
34. Be3 Nc6 35. Qd7 Rf8 36. Qd2 Qxd2 37. Bxd2 Nxe5 38. Bf4 Nc4 39. Rc3 b5 40.
cxb6 Nxb6 41. Bd6 Rh8 42. Rc7 Rh7 43. Bc5 Nd5 44. Ra7+ Kb8 45. Rxa6 Kb7 46. Ra3
Kc6 47. Ra7 Kb5 48. Kg3 Kc4 49. Bd6 Nf6 50. f3 Kd5 51. Bf8 Kc4 52. Rb7 Nd5 53.
b5 f4+ 54. Kf2 Ne3 55. Bd6 Nd1+ 56. Kg1 Ne3 57. Bxf4 Nf5 58. Kf2 Nh4 59. Be3
Nf5 60. b6 Rh8 61. Rc7+ Kd5 62. b7 Nd6 63. Ba7 Nxb7 64. Rxb7 1-0

[Event "Gibraltar Amateurs B"]
[Site "Gibraltar"]
[Date "2019.01.30"]
[Round "5.5"]
[White "Cordero Infante, Ivan"]
[Black "Valladolid Martin, Fco. Jose"]
[Result "0-1"]
[WhiteElo "1417"]
[BlackElo "1878"]
[PlyCount "106"]
[EventDate "2019.01.26"]
[EventType "swiss"]
[EventRounds "5"]
[EventCountry "GGB"]

1. e4 e5 2. Nf3 Nc6 3. Bc4 Bc5 4. c3 Nf6 5. d3 h6 6. O-O O-O 7. b4 Bb6 8. Nbd2
d6 9. h3 Ne7 10. Re1 Ng6 11. Nf1 Be6 12. Bb3 Qd7 13. Be3 Nf4 14. Bxf4 exf4 15.
Qd2 g5 16. N1h2 Bxh3 17. gxh3 Qxh3 18. e5 dxe5 19. Nxe5 g4 20. d4 f3 21. Nexf3
gxf3 22. Nxf3 Qxf3 23. Qxh6 Qg4+ 24. Kf1 Qg7 25. Qh3 Rfe8 26. a4 a5 27. b5 c6
28. bxc6 bxc6 29. Rxe8+ Rxe8 30. Re1 Rxe1+ 31. Kxe1 Qg1+ 32. Ke2 Qg4+ 33. Qxg4+
Nxg4 34. Kf3 Nf6 35. Kf4 Kf8 36. f3 Ke7 37. Ke5 Bc7+ 38. Kf5 Nd5 39. c4 Nf4 40.
Ke4 Kf6 41. d5 c5 42. Bd1 Be5 43. Bc2 Ne2 44. Ke3 Nd4 45. Bd1 Kg5 46. Ke4 Bd6
47. Ke3 Kf5 48. Be2 Nxe2 49. Kxe2 Kf4 50. Kf2 f5 51. Ke2 Kg3 52. Ke3 Be5 53.
Ke2 f4 0-1

[Event "Gibraltar Amateurs B"]
[Site "Gibraltar"]
[Date "2019.01.30"]
[Round "5.6"]
[White "Robson, Paul E"]
[Black "Deus, Pedro"]
[Result "1-0"]
[WhiteElo "1861"]
[BlackElo "1729"]
[PlyCount "89"]
[EventDate "2019.01.26"]
[EventType "swiss"]
[EventRounds "5"]
[EventCountry "GGB"]

1. e4 e5 2. d4 exd4 3. Nf3 Nc6 4. Bc4 Nf6 5. e5 d5 6. Bb5 Ne4 7. Nxd4 Bd7 8.
Bxc6 bxc6 9. O-O Bc5 10. Be3 Qb8 11. b3 Bb6 12. f3 Nc5 13. f4 Ne4 14. f5 c5 15.
Ne2 d4 16. e6 fxe6 17. fxe6 Bxe6 18. Nf4 O-O 19. Nxe6 Rxf1+ 20. Kxf1 dxe3 21.
Qg4 g6 22. Qxe4 Qe8 23. Ng5 Qf8+ 24. Nf3 Re8 25. Qc4+ Kg7 26. Nc3 Qf5 27. Qd3
Qf6 28. Rd1 c6 29. Ne4 e2+ 30. Kxe2 c4 31. bxc4 Re7 32. Kf1 Qf4 33. Re1 Rf7 34.
Qd6 Qh6 35. Qe5+ Kg8 36. Nf6+ Kf8 37. Nd7+ Kg8 38. Nf6+ Kf8 39. Ng4 Rxf3+ 40.
gxf3 Qh3+ 41. Ke2 Qg2+ 42. Kd3 Qxf3+ 43. Ne3 Kg8 44. c5 Ba5 45. Qb8+ 1-0